| 000 | 00538nam a2200181 a 4500 | ||
|---|---|---|---|
| 001 | 000043410 | ||
| 005 | 20201002040905.0 | ||
| 008 | 140314s1991 dr ac 000 0 spa d | ||
| 020 | _a9506990360 | ||
| 040 |
_aDO-SdBNP _bspa _cBNPHU |
||
| 100 | 1 |
_aFaundes, Juan Gorge _971072 |
|
| 245 | 1 | 0 |
_aCardoen : _b¿Industrial o Traficante? / _cJuan Gorge Faundes. |
| 260 |
_aBuenos Aires, Argentina : _bEdiciones B, _c1991. |
||
| 300 |
_a599 p. ; _c24 cm. |
||
| 490 | 1 | _aReporte | |
| 504 | _aBibliografía : p. 391- 394 | ||
| 830 | 0 |
_aReporte _971073 |
|
| 999 |
_c42899 _d42899 |
||